LEADER 00877nam0-2200277---450- 001 990009483230403321 005 20111114145425.0 035 $a000948323 035 $aFED01000948323 035 $a(Aleph)000948323FED01 035 $a000948323 100 $a20111114d1917----km-y0itay50------ba 101 0 $aeng 102 $aGB 105 $a--------001yy 200 1 $a<>way to nirvana$esix lectures on ancient buddhism as a discipline of salvation. Hibbert Lectures, Manchester College, Oxford, February-April, 1916.$fby L. de La Vallée Poussin 210 $aCambridge$cUniversity Press$d1917 215 $aX, 172 p.$d19 cm 700 1$aLa Vallée Poussin,$bLouis de$0394405 801 0$aIT$bUNINA$gRICA$2UNIMARC 901 $aBK 912 $a990009483230403321 952 $aGM1 DeLo 0139$fGM1 959 $aGM1 996 $aWay to nirvana$9851973 997 $aUNINA LEADER 01582nam 2200397Ia 450 001 9910698175303321 005 20090311150618.0 035 $a(CKB)5470000002395258 035 $a(OCoLC)314174845 035 $a(EXLCZ)995470000002395258 100 $a20090311d2009 ua 0 101 0 $aeng 135 $aurbn||||||||| 181 $ctxt$2rdacontent 182 $cc$2rdamedia 183 $acr$2rdacarrier 200 10$aOptions for controlling the cost and increasing the efficiency of health care$b[electronic resource] $estatement of Douglas W. Elmendorf, director, before the Subcommittee on Health, Committee on Energy and Commerce, U.S. House of Representatives 210 1$aWashington, D.C. :$cU.S. Congressional Budget Office,$d[2009] 215 $a15 pages $cdigital, PDF file 225 1 $aCongressional Budget Office testimony 300 $aTitle from title screen (viewed on March 10, 2009). 300 $a"March 10, 2009." 320 $aIncludes bibliographical references. 517 $aOptions for controlling the cost and increasing the efficiency of health care 606 $aHealth care reform$zUnited States 606 $aMedical care, Cost of$zUnited States 615 0$aHealth care reform 615 0$aMedical care, Cost of 700 $aElmendorf$b Douglas W$0128457 712 02$aUnited States.$bCongressional Budget Office. 801 0$bGPO 801 1$bGPO 906 $aBOOK 912 $a9910698175303321 996 $aOptions for controlling the cost and increasing the efficiency of health care$93451302 997 $aUNINA